000 00707nam a2200241 i 4500
001 14623
003 ES-MaACL
005 20230906150842.0
007 t|
008 990517s1986 sp ||||1| spa d
020 _a84-7679-031-7
080 _a929 Perón, Juan Domingo
080 _a32 Perón, Juan Domingo
100 1 _aMartínez Díaz, Nelson.
_978057
245 1 0 _aJuan Domingo Perón /
_cNelson Martínez.
260 _aMadrid :
_bHistoria 16... [etc],
_c[1986]
300 _a159 p. ;
_c19 cm.
490 1 _aProtagonistas de América
600 1 4 _aPerón, Juan Domingo.
_991318
830 0 _aProtagonistas de América
_9179522
852 _aES-MaACL
_jG-2099
_bR.119617
999 _c14623
_d14623